|
|
|
|
| LEADER |
00945nam a22002532a 4500 |
| 001 |
001299524 |
| 003 |
CZ BrMZK |
| 005 |
20220915175448.0 |
| 007 |
ta |
| 008 |
130606s1972 xo af er|||||||||||slo d |
| 035 |
|
|
|a (OCoLC)320409748
|
| 040 |
|
|
|a OLA001
|b cze
|d BOA001
|
| 041 |
1 |
|
|a slo
|h slv
|
| 100 |
1 |
|
|a Brenk, Kristina,
|d 1911-2009
|7 xx0006729
|4 aut
|
| 245 |
1 |
0 |
|a Železný prsteň a iné slovinské rozprávky /
|c vybrala a upravila Kristina Brenková ; zo slovinského originálu preložil Víťazoslav Hečko ; ilustrovala Ančka Gošniková-Godecová
|
| 250 |
|
|
|a Vyd. 1
|
| 260 |
|
|
|a Bratislava :
|b Mladé letá,
|c 1972
|
| 300 |
|
|
|a 206 s., obr. příl.
|
| 700 |
1 |
|
|a Hečko, Víťazoslav,
|d 1919-1972
|7 ola2002150401
|4 trl
|
| 765 |
0 |
|
|t Železni prstan
|9 Slovensky
|
| 910 |
|
|
|a BOA001
|b 2-0677.696
|
| 990 |
|
|
|a BK
|
| 991 |
|
|
|b 201306
|
| 996 |
7 |
|
|b 2619687088
|c 2-0677.696
|l Sklad H1
|r Sklad / do 24 hodin
|n 0
|h HS212
|w 001334256
|u 000010
|a 1
|e BOA001
|j MZK50
|s A
|